000 00592nam a22002057a 4500
003 OSt
005 20260204035229.0
008 260204b |||||||| |||| 00| 0 eng d
020 _a971-93399-6-9.
040 _aDWC-Main lib
_cOC
082 _aFil. 150 Es82c 2006
100 _aEstoque, Ronan S.
245 _aCollege Psychology
_cRonan S. Estoque
260 _aMakati City :
_bMindshapers Co., Inc.,
_cc2006.
300 _axi, 213 pages ;
_c23 cm.
650 _a1. Science.
700 _aDe la Cruz, Rogelio G.
700 _dTan-Pichay, Marinelle Ivy P.
942 _2ddc
_cBK - FIL
_kFil.
_n0
999 _c8254
_d8254